000 00839cab a2200253 4500
001 WB2931-15
008 090401t1993 xxu||||| |||| 00| 0 eng d
035 _a(Sirsi) u5577
041 _aeng
100 _aBaum, A.
245 _aProperty investments after the ERM
260 _c1993
350 _a0
490 _aCSW - The Property Week
_v44(9) 26 August 1993, 53(1)
520 _aArgues that UK withdrawal from the European exchange rate mechanism has altered the nature of the property investment market and that valuation techniques will have to change also.
650 _aCONVERTIBLE BOND
650 _aERM
650 _aEUROPE
650 _aINVESTMENT MARKET
650 _aOVER-RENTED PROPERTY
690 _aPROPERTY-COMMERCIAL PROPERTY-COMMERCIAL PROPERTY FINANCE AND INVESTMENT
942 _n0
948 _c04/03/1997
999 _c3327
_d3327